00869nam a22001697a 4500008004100000020001800041050001500059100003900074245009900113260003400212300003500246500002400281500003900305504003800344505027800382650003900660161101s2011 mx a|||| |||| 00| 0 spa d a9786077072614 4aH62b L37 1 aLara Muñoz, Erica Maríaeautor10aFundamentos de investigaciónb : un enfoque por competenciasc / Erica María Lara Muñoz 3 aMéxicob: Alfaomegac, 2011 a271 páginasb: ilustraciones aReimpresiones: 2012 aIncluye: Anexos y Estudio de Casos aBibliografía en cada capítulo1 aEstudio del desarrollo de su profesión y estado actual La investigación como proceso de la construcción social Herramientas de la comunicación oral Herramientas de la comunicación escrita Gestión de la información para la investigación documental 14aCIENCIAS SOCIALESxINVESTIGACIÖN